| 000 | 00455nam a2200181Ia 4500 | ||
|---|---|---|---|
| 008 | 240925s9999 xx 000 0 und d | ||
| 020 | _aNA | ||
| 082 | _a620.105 LON | ||
| 100 | _aLong ,Robert R. | ||
| 245 | 0 | _aEngineering Science Mechanics | |
| 250 | _aNA | ||
| 260 |
_aLondon: _bPrentice, Hall _c,1963. |
||
| 300 |
_axi,1092p. _bNA _fOriginal |
||
| 500 | _aIncludes Index | ||
| 600 | _aElectrical Engineering | ||
| 650 | _aTechnology | ||
| 942 | _cBK | ||
| 999 |
_c3860 _d3860 |
||